ALAI entrevista a L. Brizola (Brazil)
Kaydedildi:
| Materyal Türü: | Metin |
|---|---|
| Konular: | |
| Etiketler: |
Etiketle
Etiket eklenmemiş, İlk siz ekleyin!
|
MARC
| LEADER | 00000 a a2200000 04500 | ||
|---|---|---|---|
| 001 | 17976 | ||
| 003 | |||
| 040 | |||
| 245 | |a ALAI entrevista a L. Brizola (Brazil) | ||
| 650 | |a DERECHOS HUMANOS | ||
| 650 | |a AMNISTIA | ||
| 650 | |a CLASES POPULARES | ||
| 650 | |a DEMOCRACIA | ||
| 650 | |a BRASIL | ||
| 773 | |g volumen 4, número 37; (1980) páginas 431-432 | ||
| 999 | |c 27620 |d 27620 | ||
| 773 | 0 | |0 42391 |9 3846 |a Agencia Latinoamericana de Información, ALAI |d Quito, Ecuador: ALAI |o 04443 |t ALAI: |x 08275564 (Servicio mensual de información y documentación) | |
